[Event "28PCR_F"]
[Site "?"]
[Date "2013.10.22"]
[Round "?"]
[White "Smolka, Jan"]
[Black "Kyzlink, Vladimir"]
[Result "1-0"]
[WhiteElo "2223"]
[BlackElo "2071"]
[PlyCount "43"]
[EventDate "2013.??.??"]
[EventType "corr"]
[EventRounds "2"]
[SourceDate "2010.08.23"]

1. e4 e5 2. Nf3 Nc6 3. Bb5 a6 4. Bxc6 dxc6 5. O-O f6 6. d4 Bg4 7. c3 Bd6 8. Be3
Qe7 9. Nbd2 O-O-O 10. Qc2 Re8 11. dxe5 fxe5 12. b4 Nf6 13. a4 Qd7 14. Rfb1 h6
15. b5 a5 16. Nc4 c5 17. b6 Bxf3 18. gxf3 g5 19. Qb3 Bf8 20. bxc7 Qxc7 21. Qb5
Re6 22. Nb6+ 1-0

[Event "28PCR_F"]
[Site "?"]
[Date "2013.10.22"]
[Round "?"]
[White "Postl, Rostislav"]
[Black "Vins, Karel"]
[Result "1-0"]
[WhiteElo "2286"]
[BlackElo "1781"]
[PlyCount "31"]
[EventDate "2013.??.??"]
[EventType "corr"]
[EventRounds "2"]
[SourceDate "2010.08.23"]

1. d4 d5 2. Nf3 Nf6 3. c4 e6 4. Bg5 Be7 5. e3 c6 6. Nc3 h6 7. Bh4 dxc4 8. Bxc4
Nbd7 9. O-O Nd5 10. Bg3 N7f6 11. Ne5 Nxc3 12. bxc3 O-O 13. Bd3 g6 14. Qc2 Kg7
15. Bxg6 Ng8 16. Bxf7 1-0

[Event "28PCR_F"]
[Site "?"]
[Date "2013.10.22"]
[Round "?"]
[White "Nevole, Milan"]
[Black "Urban, Miroslav"]
[Result "1/2-1/2"]
[WhiteElo "2388"]
[BlackElo "2398"]
[PlyCount "70"]
[EventDate "2013.??.??"]
[EventType "corr"]
[EventRounds "2"]
[SourceDate "2010.08.23"]

1. Nf3 Nf6 2. g3 c5 3. c4 b6 4. Bg2 Bb7 5. O-O g6 6. Nc3 Bg7 7. d4 cxd4 8. Nxd4
Bxg2 9. Kxg2 Nc6 10. h3 O-O 11. Bg5 Nxd4 12. Qxd4 Rc8 13. Rad1 Rc5 14. Bxf6
Bxf6 15. Qxd7 Qa8+ 16. Kg1 e6 17. Qd3 Rd8 18. Qe4 Bxc3 19. Rxd8+ Qxd8 20. bxc3
Kg7 21. Rb1 Qc7 22. Rb4 a5 23. Ra4 e5 24. g4 Qd7 25. Ra3 h6 26. Rb3 Qc7 27. Rb5
Rxc4 28. Qxe5+ Qxe5 29. Rxe5 Rxc3 30. Rb5 Rc2 31. e4 Rxa2 32. Rxb6 f6 33. Rb7+
Kf8 34. Ra7 g5 35. Kg2 a4 1/2-1/2

[Event "28PCR_F"]
[Site "?"]
[Date "2013.10.22"]
[Round "?"]
[White "Stepan, Josef"]
[Black "Nevole, Milan"]
[Result "0-1"]
[WhiteElo "1748"]
[BlackElo "2388"]
[PlyCount "28"]
[EventDate "2013.??.??"]
[EventType "corr"]
[EventRounds "2"]
[SourceDate "2010.08.23"]

1. d4 Nf6 2. c4 e6 3. Nf3 d5 4. g3 dxc4 5. Qa4+ Nbd7 6. Qxc4 c5 7. Qb3 cxd4 8.
Nxd4 Nc5 9. Qc4 e5 10. Nf3 Be6 11. Qh4 Nce4 12. Bg5 Bb4+ 13. Nbd2 Rc8 14. Bxf6
Bxd2+ 0-1

[Event "28PCR_F"]
[Site "?"]
[Date "2013.10.22"]
[Round "?"]
[White "Urban, Miroslav"]
[Black "Postl, Rostislav"]
[Result "1/2-1/2"]
[WhiteElo "2398"]
[BlackElo "2286"]
[PlyCount "65"]
[EventDate "2013.??.??"]
[EventType "corr"]
[EventRounds "2"]
[SourceDate "2010.08.23"]

1. c4 e5 2. Nc3 Nc6 3. Nf3 Nf6 4. g3 Bb4 5. Bg2 O-O 6. O-O d6 7. Nd5 Re8 8. a3
Ba5 9. b4 Bb6 10. Nxb6 axb6 11. b5 Nb8 12. d4 exd4 13. Nxd4 Nbd7 14. Qc2 Nc5
15. a4 Bg4 16. f3 Bh5 17. e4 Nfd7 18. Nf5 f6 19. Bd2 Bf7 20. Ne3 h5 21. f4 Qe7
22. Rfe1 Bg6 23. Nd5 Qd8 24. Bb4 c6 25. Nc3 Qc7 26. Rad1 Rad8 27. Qa2 Bf7 28.
Bf1 h4 29. gxh4 Bh5 30. Be2 Bxe2 31. Rxe2 Nf8 32. Re3 Qf7 33. f5 1/2-1/2

[Event "28PCR_F"]
[Site "?"]
[Date "2013.10.22"]
[Round "?"]
[White "Vins, Karel"]
[Black "Smolka, Jan"]
[Result "0-1"]
[WhiteElo "1781"]
[BlackElo "2223"]
[PlyCount "44"]
[EventDate "2013.??.??"]
[EventType "corr"]
[EventRounds "2"]
[SourceDate "2010.08.23"]

1. e4 e5 2. Nf3 Nc6 3. Bb5 a6 4. Ba4 Nf6 5. d3 d6 6. h3 Be7 7. c3 b5 8. Bc2 h6
9. Be3 d5 10. exd5 Nxd5 11. Qe2 O-O 12. Nbd2 f5 13. Nb3 a5 14. O-O a4 15. Nc1
a3 16. Bb3 f4 17. c4 bxc4 18. dxc4 Nxe3 19. fxe3 e4 20. Ne1 f3 21. Nxf3 axb2
22. Qxb2 exf3 0-1

[Event "28PCR_F"]
[Site "?"]
[Date "2013.10.22"]
[Round "?"]
[White "Goc, Pavel"]
[Black "Chvojka, Jaroslav"]
[Result "1/2-1/2"]
[WhiteElo "2071"]
[BlackElo "2199"]
[PlyCount "52"]
[EventDate "2013.??.??"]
[EventType "corr"]
[EventRounds "2"]
[SourceDate "2010.08.23"]

1. e4 e5 2. Nf3 Nc6 3. Bb5 a6 4. Ba4 Nf6 5. O-O b5 6. Bb3 Bb7 7. d4 Nxd4 8.
Nxd4 exd4 9. e5 Ne4 10. c3 dxc3 11. Qf3 Nd6 12. Qf4 Nc4 13. Bxc4 bxc4 14. Nxc3
Qe7 15. Qxc4 Qe6 16. Qxc7 Bxg2 17. Kxg2 Qg4+ 18. Kh1 Qf3+ 19. Kg1 Qg4+ 20. Kh1
Qf3+ 21. Kg1 Qg4+ 22. Kh1 Qf3+ 23. Kg1 Qg4+ 24. Kh1 Qf3+ 25. Kg1 Qg4+ 26. Kh1
Qf3+ 1/2-1/2

[Event "28PCR_F"]
[Site "?"]
[Date "2013.10.22"]
[Round "?"]
[White "Fejfar, Vlastimil"]
[Black "Pressl, Ladislav"]
[Result "1-0"]
[WhiteElo "2097"]
[BlackElo "2155"]
[PlyCount "29"]
[EventDate "2013.??.??"]
[EventType "corr"]
[EventRounds "2"]
[SourceDate "2010.08.23"]

1. e4 e5 2. Bc4 Nf6 3. Nc3 c6 4. Nf3 d6 5. d4 exd4 6. Qxd4 Be7 7. Bf4 Nh5 8.
Be3 b5 9. Nxb5 cxb5 10. Bd5 Nd7 11. Bxa8 Nb6 12. Bc6+ Bd7 13. Bxd7+ Qxd7 14. e5
d5 15. g4 1-0

[Event "28PCR_F"]
[Site "?"]
[Date "2013.10.22"]
[Round "?"]
[White "Fejfar, Vlastimil"]
[Black "Stepan, Josef"]
[Result "1-0"]
[WhiteElo "2097"]
[BlackElo "1748"]
[PlyCount "39"]
[EventDate "2013.??.??"]
[EventType "corr"]
[EventRounds "2"]
[SourceDate "2010.08.23"]

1. e4 e5 2. Bc4 Nf6 3. Nc3 d6 4. d3 Nbd7 5. Nf3 Be7 6. Ng5 O-O 7. Bxf7+ Rxf7 8.
Ne6 Qe8 9. Nxc7 Qf8 10. Nxa8 Ne8 11. Be3 Bh4 12. g3 Bd8 13. Bxa7 Ndf6 14. Bb6
Bxb6 15. Nxb6 Bh3 16. f4 exf4 17. gxf4 Ng4 18. Qf3 Rxf4 19. Qxh3 Nf2 20. Qe6+
1-0

[Event "28PCR_F"]
[Site "?"]
[Date "2013.10.22"]
[Round "?"]
[White "Pressl, Ladislav"]
[Black "Goc, Pavel"]
[Result "0-1"]
[WhiteElo "2155"]
[BlackElo "2071"]
[PlyCount "42"]
[EventDate "2013.??.??"]
[EventType "corr"]
[EventRounds "2"]
[SourceDate "2010.08.23"]

1. d4 Nf6 2. c4 e6 3. Nc3 Bb4 4. e3 O-O 5. Nf3 d5 6. Bd3 c5 7. O-O dxc4 8. Bxc4
Nbd7 9. Qe2 a6 10. a3 Ba5 11. dxc5 Bxc3 12. bxc3 Nxc5 13. Qb2 b5 14. Be2 Bb7
15. Rd1 Qc7 16. Bd2 Ng4 17. g3 Bxf3 18. Bxf3 Nxf2 19. Rf1 Nfe4 20. Rad1 Rad8
21. Qc2 Qe5 0-1

[Event "28PCR_F"]
[Site "?"]
[Date "2013.10.22"]
[Round "?"]
[White "Chvojka, Jaroslav"]
[Black "Kyzlink, Vladimir"]
[Result "1-0"]
[WhiteElo "2199"]
[BlackElo "2071"]
[PlyCount "29"]
[EventDate "2013.??.??"]
[EventType "corr"]
[EventRounds "2"]
[SourceDate "2010.08.23"]

1. d4 Nf6 2. Nc3 e6 3. e4 Bb4 4. e5 Nd5 5. Qg4 g6 6. Bg5 f6 7. exf6 Nxf6 8. Qh4
O-O 9. Nf3 b6 10. O-O-O Bxc3 11. bxc3 Bb7 12. Ne5 Qe7 13. Kb2 d6 14. Bc4 Nbd7
15. Nxd7 1-0

[Event "28PCR_F"]
[Site "?"]
[Date "2013.10.22"]
[Round "?"]
[White "Smolka, Jan"]
[Black "Urban, Miroslav"]
[Result "0-1"]
[WhiteElo "2223"]
[BlackElo "2398"]
[PlyCount "43"]
[EventDate "2013.??.??"]
[EventType "corr"]
[EventRounds "2"]
[SourceDate "2010.08.23"]

1. e4 c6 2. d4 d5 3. e5 Bf5 4. Nf3 e6 5. Be2 Nd7 6. O-O Be7 7. Nbd2 h5 8. c3 g5
9. Nb3 h4 10. Ne1 Nh6 11. h3 Qc7 12. a4 O-O-O 13. a5 Rdg8 14. a6 b6 15. Bd3 f6
16. Bxf5 Nxf5 17. exf6 Nxf6 18. Qe2 Qd7 19. Nd3 g4 20. Ne5 gxh3 21. Kh2 hxg2
22. Rg1 0-1

[Event "28PCR_F"]
[Site "?"]
[Date "2013.10.22"]
[Round "?"]
[White "Postl, Rostislav"]
[Black "Nevole, Milan"]
[Result "1/2-1/2"]
[WhiteElo "2286"]
[BlackElo "2388"]
[PlyCount "103"]
[EventDate "2013.??.??"]
[EventType "corr"]
[EventRounds "2"]
[SourceDate "2010.08.23"]

1. d4 Nf6 2. Nf3 d5 3. c4 e6 4. Bg5 Be7 5. Nc3 h6 6. Bxf6 Bxf6 7. e3 O-O 8. Rc1
c6 9. Bd3 dxc4 10. Bxc4 Nd7 11. O-O e5 12. Ne4 exd4 13. Nxf6+ Qxf6 14. Qxd4
Qxd4 15. Nxd4 Nb6 16. Bb3 Re8 17. h3 Bd7 18. Rfd1 Rac8 19. Kh2 c5 20. Ne2 Kf8
21. Bd5 Bc6 22. Bxc6 Rxc6 23. Rc2 Re7 24. Rcd2 a6 25. Nc3 Nc4 26. Rc2 b5 27. a4
Nd6 28. Nd5 Re4 29. axb5 axb5 30. f3 Rc4 31. Rcd2 Ra4 32. e4 Ra8 33. Ne3 Ne8
34. Rd5 Rb8 35. Nf5 Rcc8 36. Kg3 c4 37. Kf2 b4 38. Rc1 Rb7 39. Ne3 c3 40. bxc3
Nf6 41. Ra5 Nd7 42. c4 f6 43. Ke2 Ne5 44. Nf5 Rbb8 45. Nd6 Rc6 46. c5 b3 47.
Rca1 b2 48. Rb1 g6 49. Ra2 Rxc5 50. Rbxb2 Rxb2+ 51. Rxb2 Ke7 52. Nb5 1/2-1/2

[Event "28PCR_F"]
[Site "?"]
[Date "2013.10.22"]
[Round "?"]
[White "Stepan, Josef"]
[Black "Postl, Rostislav"]
[Result "0-1"]
[WhiteElo "1748"]
[BlackElo "2286"]
[PlyCount "38"]
[EventDate "2013.??.??"]
[EventType "corr"]
[EventRounds "2"]
[SourceDate "2010.08.23"]

1. c4 c5 2. Nc3 Nf6 3. Nf3 Nc6 4. g3 g6 5. Bg2 Bg7 6. O-O O-O 7. d4 cxd4 8. Nb5
e5 9. e3 d5 10. exd4 e4 11. Ne5 dxc4 12. Nxc4 a6 13. Nbd6 b5 14. Nxc8 bxc4 15.
Bh3 Rxc8 16. Bxc8 Qxc8 17. Be3 Qh3 18. f3 Rb8 19. Rb1 Nd5 0-1

[Event "28PCR_F"]
[Site "?"]
[Date "2013.10.22"]
[Round "?"]
[White "Nevole, Milan"]
[Black "Smolka, Jan"]
[Result "1/2-1/2"]
[WhiteElo "2388"]
[BlackElo "2223"]
[PlyCount "57"]
[EventDate "2013.??.??"]
[EventType "corr"]
[EventRounds "2"]
[SourceDate "2010.08.23"]

1. d4 Nf6 2. c4 g6 3. Nf3 Bg7 4. g3 O-O 5. Bg2 d6 6. Nc3 Nc6 7. O-O a6 8. b3
Rb8 9. Bb2 b5 10. cxb5 axb5 11. Rc1 b4 12. Na4 Na7 13. Ne1 Bb7 14. Bxb7 Rxb7
15. Nd3 Qc8 16. Re1 Qh3 17. Nf4 Qd7 18. e4 Bh6 19. d5 Bxf4 20. gxf4 Qh3 21.
Bxf6 exf6 22. Rc4 Nb5 23. Re3 Qh4 24. Qf3 Na3 25. Rc1 Re8 26. h3 Ra7 27. Qg4
Qh6 28. Kh2 Kg7 29. Kg2 1/2-1/2

[Event "28PCR_F"]
[Site "?"]
[Date "2013.10.22"]
[Round "?"]
[White "Vins, Karel"]
[Black "Chvojka, Jaroslav"]
[Result "0-1"]
[WhiteElo "1781"]
[BlackElo "2199"]
[PlyCount "46"]
[EventDate "2013.??.??"]
[EventType "corr"]
[EventRounds "2"]
[SourceDate "2010.08.23"]

1. e4 e5 2. Nf3 Nc6 3. Bb5 Nf6 4. d3 Bc5 5. c3 O-O 6. h3 d5 7. Qe2 Bd7 8. O-O
Re8 9. Bg5 a6 10. Ba4 dxe4 11. dxe4 h6 12. Bxf6 Qxf6 13. Nbd2 b5 14. Bc2 Nd8
15. h4 Bg4 16. g3 Ne6 17. Kg2 Rad8 18. Bd1 Nf4+ 19. gxf4 Qxf4 20. Nb3 Re6 21.
Rg1 Rg6 22. Kf1 Rxd1+ 23. Rxd1 Bxf3 0-1

[Event "28PCR_F"]
[Site "?"]
[Date "2013.10.22"]
[Round "?"]
[White "Kyzlink, Vladimir"]
[Black "Pressl, Ladislav"]
[Result "1/2-1/2"]
[WhiteElo "2071"]
[BlackElo "2155"]
[PlyCount "61"]
[EventDate "2013.??.??"]
[EventType "corr"]
[EventRounds "2"]
[SourceDate "2010.08.23"]

1. d4 d5 2. c4 e6 3. Nc3 c5 4. cxd5 exd5 5. Nf3 Nc6 6. g3 Nf6 7. Bg2 Be7 8. O-O
O-O 9. Bg5 cxd4 10. Nxd4 h6 11. Be3 Re8 12. a3 Be6 13. Qb3 Qd7 14. Nxe6 fxe6
15. Rad1 Bd6 16. Bc1 Kh8 17. Qa4 Qe7 18. e3 a6 19. Qh4 Rac8 20. e4 d4 21. Ne2
e5 22. Bh3 Rc7 23. Bg5 Kg8 24. Bxf6 Qxf6 25. Qxf6 gxf6 26. Nc1 Na5 27. Nd3 Nb3
28. Bf5 a5 29. Kg2 Kg7 30. Kh3 Ree7 31. Nc1 1/2-1/2

[Event "28PCR_F"]
[Site "?"]
[Date "2013.10.22"]
[Round "?"]
[White "Goc, Pavel"]
[Black "Fejfar, Vlastimil"]
[Result "1-0"]
[WhiteElo "2071"]
[BlackElo "2097"]
[PlyCount "73"]
[EventDate "2013.??.??"]
[EventType "corr"]
[EventRounds "2"]
[SourceDate "2010.08.23"]

1. e4 e5 2. Nf3 Nc6 3. Bb5 f5 4. Nc3 Nd4 5. Bc4 d6 6. O-O c6 7. Re1 Nxf3+ 8.
Qxf3 f4 9. d4 Qf6 10. b4 exd4 11. e5 dxe5 12. Bxf4 dxc3 13. Qh5+ Qg6 14. Qxe5+
Ne7 15. Rad1 Bh3 16. Bg5 h6 17. Bd3 Qe6 18. gxh3 Qxe5 19. Rxe5 Kf7 20. Bxe7
Bxe7 21. Bc4+ Kf8 22. Rd7 b5 23. Rexe7 bxc4 24. Rf7+ Ke8 25. Rde7+ Kd8 26. Rxa7
Rxa7 27. Rxa7 Rh7 28. a4 Kc8 29. Kg2 h5 30. f4 Kb8 31. Re7 Rh6 32. Rxg7 Rd6 33.
Kf3 Rd2 34. Rg2 Rd5 35. Re2 Kc7 36. Re3 Rd1 37. Rxc3 1-0

[Event "28PCR_F"]
[Site "?"]
[Date "2013.10.22"]
[Round "?"]
[White "Goc, Pavel"]
[Black "Stepan, Josef"]
[Result "1-0"]
[WhiteElo "2071"]
[BlackElo "1748"]
[PlyCount "51"]
[EventDate "2013.??.??"]
[EventType "corr"]
[EventRounds "2"]
[SourceDate "2010.08.23"]

1. e4 e5 2. Nf3 Nc6 3. Bc4 Nf6 4. Ng5 d5 5. exd5 Nd4 6. c3 b5 7. Bf1 Nxd5 8.
Ne4 Qh4 9. Ng3 Bg4 10. f3 e4 11. cxd4 Bd6 12. Bxb5+ Kd8 13. O-O exf3 14. Qb3
Nb4 15. Rxf3 c6 16. Re3 cxb5 17. Nc3 Qg5 18. Nge4 Qg6 19. Nxd6 Qxd6 20. Nxb5
Qf8 21. a3 Nc6 22. d5 Qc5 23. dxc6 Qxc6 24. Qxf7 Bd7 25. Qe7+ Kc8 26. Rc3 1-0

[Event "28PCR_F"]
[Site "?"]
[Date "2013.10.22"]
[Round "?"]
[White "Fejfar, Vlastimil"]
[Black "Kyzlink, Vladimir"]
[Result "1-0"]
[WhiteElo "2097"]
[BlackElo "2071"]
[PlyCount "33"]
[EventDate "2013.??.??"]
[EventType "corr"]
[EventRounds "2"]
[SourceDate "2010.08.23"]

1. e4 e5 2. Bc4 Nf6 3. Nc3 Nc6 4. d3 Bb4 5. Nge2 Na5 6. O-O c6 7. a3 Bxc3 8.
Nxc3 Nxc4 9. dxc4 Qe7 10. Bg5 d6 11. Qd3 Be6 12. f4 O-O 13. c5 Rad8 14. Qg3 Bc4
15. Rf3 Kh8 16. Qh4 d5 17. Rh3 1-0

[Event "28PCR_F"]
[Site "?"]
[Date "2013.10.22"]
[Round "?"]
[White "Pressl, Ladislav"]
[Black "Vins, Karel"]
[Result "1/2-1/2"]
[WhiteElo "2155"]
[BlackElo "1781"]
[PlyCount "99"]
[EventDate "2013.??.??"]
[EventType "corr"]
[EventRounds "2"]
[SourceDate "2010.08.23"]

1. d4 d5 2. c4 e6 3. Nc3 c6 4. Nf3 Nf6 5. Bg5 Be7 6. e3 Nbd7 7. Bd3 b6 8. Qe2
dxc4 9. Bxc4 Nd5 10. Bxe7 Qxe7 11. O-O Bb7 12. Rac1 O-O 13. e4 N5f6 14. Rfd1
Rfe8 15. e5 Nd5 16. Ne4 Red8 17. Nd6 Rab8 18. Bxd5 exd5 19. Nxb7 Rxb7 20. Rxc6
Nf8 21. a3 Rc7 22. Rdc1 Rxc6 23. Rxc6 h6 24. h3 Ne6 25. b4 Rd7 26. Kf1 Rc7 27.
Qc2 Rd7 28. Qb3 Qd8 29. a4 Qb8 30. g3 Qb7 31. b5 Kf8 32. Ke2 Ke8 33. Rc3 Rd8
34. Ke3 Qd7 35. g4 g6 36. Rc6 Nc7 37. Ng5 hxg5 38. Rd6 Qe7 39. Rc6 Ne6 40. Qc3
Qd7 41. Kd2 Rb8 42. Rd6 Qb7 43. Rc6 Rd8 44. Ke3 Kd7 45. Qa3 Ke8 46. Qc3 Rd7 47.
Rc8+ Rd8 48. Rc6 Rd7 49. Rc8+ Nd8 50. Qc6 1/2-1/2

[Event "28PCR_F"]
[Site "?"]
[Date "2013.10.22"]
[Round "?"]
[White "Chvojka, Jaroslav"]
[Black "Urban, Miroslav"]
[Result "1/2-1/2"]
[WhiteElo "2199"]
[BlackElo "2398"]
[PlyCount "57"]
[EventDate "2013.??.??"]
[EventType "corr"]
[EventRounds "2"]
[SourceDate "2010.08.23"]

1. d4 Nf6 2. Nc3 d5 3. Bf4 Bf5 4. e3 e6 5. Bd3 c6 6. h3 Nbd7 7. Nf3 Bb4 8. O-O
O-O 9. a3 Bxc3 10. bxc3 Ne4 11. c4 dxc4 12. Bxc4 c5 13. Bd3 cxd4 14. Nxd4 Ndc5
15. Bc4 Rc8 16. Qe1 Bg6 17. f3 Nd6 18. Ba2 Qe7 19. Qg3 Rfd8 20. Rfd1 h6 21. h4
Kh8 22. a4 b6 23. Bb3 a6 24. Re1 Ne8 25. Rad1 Nf6 26. Be5 Nh5 27. Qf2 f6 28.
Bh2 e5 29. Ne2 1/2-1/2

[Event "28PCR_F"]
[Site "?"]
[Date "2013.10.22"]
[Round "?"]
[White "Smolka, Jan"]
[Black "Postl, Rostislav"]
[Result "1/2-1/2"]
[WhiteElo "2223"]
[BlackElo "2286"]
[PlyCount "80"]
[EventDate "2013.??.??"]
[EventType "corr"]
[EventRounds "2"]
[SourceDate "2010.08.23"]

1. e4 e6 2. d4 d5 3. Nc3 Nf6 4. Bg5 Bb4 5. e5 h6 6. Bd2 Bxc3 7. bxc3 Ne4 8. Qg4
Kf8 9. Bd3 Nxd2 10. Kxd2 c5 11. Nf3 c4 12. Be2 Nc6 13. a4 Bd7 14. h4 a5 15.
Rhb1 Rb8 16. Kc1 b5 17. axb5 Na7 18. Qf4 Nxb5 19. Kd2 a4 20. Ng1 Be8 21. Bf3 a3
22. Ne2 Kg8 23. Ke1 Kh7 24. Kf1 Rf8 25. Qe3 Bd7 26. g3 Qa5 27. Ra2 Bc6 28. Kg2
Ra8 29. g4 Rh8 30. g5 hxg5 31. hxg5 g6 32. Bg4 Qd8 33. Rh1+ Kg7 34. Rxh8 Qxh8
35. Qg3 Kf8 36. Ra1 Ke7 37. Qf3 Qg7 38. Nc1 Qh8 39. Na2 Ke8 40. Qg3 Kf8 1/2-1/2

[Event "28PCR_F"]
[Site "?"]
[Date "2013.10.22"]
[Round "?"]
[White "Stepan, Josef"]
[Black "Smolka, Jan"]
[Result "0-1"]
[WhiteElo "1748"]
[BlackElo "2223"]
[PlyCount "52"]
[EventDate "2013.??.??"]
[EventType "corr"]
[EventRounds "2"]
[SourceDate "2010.08.23"]

1. d4 Nf6 2. c4 g6 3. Nc3 d5 4. cxd5 Nxd5 5. e4 Nxc3 6. bxc3 Bg7 7. Bc4 c5 8.
Ne2 Nc6 9. Be3 O-O 10. O-O Bg4 11. f3 Na5 12. Bxf7+ Rxf7 13. fxg4 Rxf1+ 14.
Qxf1 Nc4 15. Qf2 Qd7 16. h3 Qb5 17. Bc1 Rf8 18. Qe1 Qb6 19. e5 cxd4 20. Nxd4
Nxe5 21. Be3 Nc4 22. Bf2 e5 23. Nf3 Qc6 24. Rd1 Nb2 25. Nxe5 Bxe5 26. Qxe5 Rxf2
0-1

[Event "28PCR_F"]
[Site "?"]
[Date "2013.10.22"]
[Round "?"]
[White "Nevole, Milan"]
[Black "Chvojka, Jaroslav"]
[Result "0-1"]
[WhiteElo "2388"]
[BlackElo "2199"]
[PlyCount "120"]
[EventDate "2013.??.??"]
[EventType "corr"]
[EventRounds "2"]
[SourceDate "2010.08.23"]

1. Nf3 Nf6 2. c4 c5 3. g3 Nc6 4. Bg2 e5 5. Nc3 Be7 6. O-O O-O 7. d3 h6 8. Nd2
d6 9. Nde4 Nxe4 10. dxe4 a6 11. Nd5 b5 12. Bd2 Rb8 13. a3 bxc4 14. Rb1 Nd4 15.
e3 Nb3 16. Bc3 Re8 17. Qe2 Qd7 18. Qxc4 a5 19. f4 Qc6 20. Qe2 f6 21. Qh5 Bd8
22. f5 Ba6 23. Rfd1 Rf8 24. Qf3 Rf7 25. Bf1 Bxf1 26. Rxf1 c4 27. Rf2 Nc5 28.
Rd2 Rfb7 29. Rbd1 Qa4 30. Qg4 Nd3 31. b4 Rb5 32. bxa5 Qxa3 33. Ra1 Qb3 34. Qd1
Qxd1+ 35. Rdxd1 Nc5 36. a6 Nxe4 37. Be1 Ra8 38. Ra4 Nc5 39. Rxc4 Rxa6 40. Nb4
Rab6 41. e4 Kf7 42. g4 Be7 43. h4 Rb7 44. Nd5 Rb2 45. Bf2 Bf8 46. Re1 R7b3 47.
Rc3 Rxc3 48. Nxc3 Rc2 49. Re3 Be7 50. Kg2 Bd8 51. Kf3 Bb6 52. Ne2 Rb2 53. Nc3
Nxe4 54. Nxe4 Bxe3 55. Bxe3 d5 56. Ng3 d4 57. Bf2 Rb3+ 58. Ke2 Ke7 59. Ne4 Ra3
60. Bg1 Kd7 0-1

[Event "28PCR_F"]
[Site "?"]
[Date "2013.10.22"]
[Round "?"]
[White "Urban, Miroslav"]
[Black "Pressl, Ladislav"]
[Result "1-0"]
[WhiteElo "2398"]
[BlackElo "2155"]
[PlyCount "35"]
[EventDate "2013.??.??"]
[EventType "corr"]
[EventRounds "2"]
[SourceDate "2010.08.23"]

1. c4 Nf6 2. Nf3 d6 3. g3 e5 4. Bg2 Be7 5. d4 exd4 6. Nxd4 O-O 7. Nc3 c5 8. Nc2
a6 9. O-O Nc6 10. b3 Qa5 11. Bb2 Bf5 12. Ne3 Be6 13. Ncd5 Qd8 14. Nxf6+ gxf6
15. Nd5 Re8 16. e3 Rb8 17. Qh5 Ne5 18. f4 1-0

[Event "28PCR_F"]
[Site "?"]
[Date "2013.10.22"]
[Round "?"]
[White "Vins, Karel"]
[Black "Fejfar, Vlastimil"]
[Result "0-1"]
[WhiteElo "1781"]
[BlackElo "2097"]
[PlyCount "92"]
[EventDate "2013.??.??"]
[EventType "corr"]
[EventRounds "2"]
[SourceDate "2010.08.23"]

1. e4 e5 2. Nf3 Nc6 3. Bb5 f5 4. d3 fxe4 5. dxe4 Nf6 6. Bxc6 bxc6 7. Bg5 Bd6 8.
Qd3 O-O 9. Nbd2 a5 10. O-O Ba6 11. c4 Qe7 12. Qc2 Qe6 13. Rfe1 c5 14. b3 Bb7
15. Bxf6 Qxf6 16. Nf1 Qf4 17. Ng3 Be7 18. Qd2 d6 19. Qxf4 exf4 20. Nf1 Bf6 21.
Rac1 Rfe8 22. N3d2 a4 23. f3 axb3 24. axb3 Ra2 25. Rb1 Bc3 26. Red1 Kf7 27. Kh1
Rea8 28. Rbc1 Bf6 29. Rb1 Rc2 30. Rbc1 Rxc1 31. Rxc1 Ke6 32. Rb1 Ra1 33. Rxa1
Bxa1 34. g3 Ke5 35. Kg1 fxg3 36. hxg3 Kd4 37. Kf2 Kd3 38. Ke1 Bc8 39. g4 g6 40.
Nh2 Be5 41. Nhf1 h5 42. gxh5 gxh5 43. Kf2 Bf4 44. Ke1 c6 45. Nb1 Kc2 46. Nfd2
h4 0-1

[Event "28PCR_F"]
[Site "?"]
[Date "2013.10.22"]
[Round "?"]
[White "Kyzlink, Vladimir"]
[Black "Goc, Pavel"]
[Result "0-1"]
[WhiteElo "2071"]
[BlackElo "2071"]
[PlyCount "22"]
[EventDate "2013.??.??"]
[EventType "corr"]
[EventRounds "2"]
[SourceDate "2010.08.23"]

1. e4 e5 2. Nf3 Nc6 3. Bc4 Nf6 4. Ng5 d5 5. exd5 Na5 6. d3 h6 7. Nf3 e4 8. Qe2
Nxc4 9. dxc4 Bc5 10. Nbd2 O-O 11. Nxe4 Nxe4 0-1

[Event "28PCR_F"]
[Site "?"]
[Date "2013.10.22"]
[Round "?"]
[White "Kyzlink, Vladimir"]
[Black "Stepan, Josef"]
[Result "0-1"]
[WhiteElo "2071"]
[BlackElo "1748"]
[PlyCount "30"]
[EventDate "2013.??.??"]
[EventType "corr"]
[EventRounds "2"]
[SourceDate "2010.08.23"]

1. e4 e5 2. Nf3 Nc6 3. Bc4 Nf6 4. Ng5 d5 5. exd5 Nd4 6. c3 b5 7. Bf1 Nxd5 8.
Ne4 Qh4 9. Ng3 Bg4 10. f3 e4 11. cxd4 Bd6 12. Bxb5+ Kd8 13. O-O exf3 14. gxf3
Bxg3 15. Qe2 Nf4 0-1

[Event "28PCR_F"]
[Site "?"]
[Date "2013.10.22"]
[Round "?"]
[White "Goc, Pavel"]
[Black "Vins, Karel"]
[Result "1-0"]
[WhiteElo "2071"]
[BlackElo "1781"]
[PlyCount "65"]
[EventDate "2013.??.??"]
[EventType "corr"]
[EventRounds "2"]
[SourceDate "2010.08.23"]

1. e4 c5 2. c3 Nf6 3. e5 Nd5 4. d4 cxd4 5. Nf3 d6 6. Bc4 Nb6 7. Bb3 Bg4 8.
Bxf7+ Kxf7 9. Ng5+ Ke8 10. Qxg4 dxe5 11. Ne6 Qd6 12. O-O N8d7 13. cxd4 Nf6 14.
Qf5 g6 15. dxe5 gxf5 16. exd6 Kd7 17. dxe7 Kxe6 18. exf8=Q Rhxf8 19. Nc3 a6 20.
Re1+ Kf7 21. Be3 Nbd7 22. Rad1 Rfe8 23. Nd5 Rac8 24. Re2 Ng4 25. Red2 Nde5 26.
h3 Nxe3 27. Nxe3 Kf6 28. Rd4 Rc5 29. Rh4 Re7 30. Rd6+ Kg5 31. f4+ Kxh4 32.
Nxf5+ Kh5 33. Rh6# 1-0

[Event "28PCR_F"]
[Site "?"]
[Date "2013.10.22"]
[Round "?"]
[White "Fejfar, Vlastimil"]
[Black "Urban, Miroslav"]
[Result "0-1"]
[WhiteElo "2097"]
[BlackElo "2398"]
[PlyCount "100"]
[EventDate "2013.??.??"]
[EventType "corr"]
[EventRounds "2"]
[SourceDate "2010.08.23"]

1. e4 c6 2. d4 d5 3. exd5 cxd5 4. c4 Nf6 5. Nc3 e6 6. Nf3 Bb4 7. cxd5 Nxd5 8.
Bd2 Nc6 9. Bd3 O-O 10. O-O Be7 11. a3 Bf6 12. Qe2 g6 13. Bh6 Re8 14. Rfd1 Bd7
15. Ne4 a6 16. Nxf6+ Qxf6 17. Qe4 Nce7 18. Rac1 Nf5 19. Bg5 Qg7 20. Re1 Nd6 21.
Qh4 f6 22. Bd2 Rac8 23. Qg3 Rxc1 24. Rxc1 Nf5 25. Qg4 Bb5 26. Bxb5 axb5 27. Rc5
Nd6 28. Be3 b6 29. Rc2 h5 30. Qh3 Qd7 31. Bd2 Nf5 32. g4 hxg4 33. Qxg4 Kg7 34.
Nh4 g5 35. Nf3 Rh8 36. Rc1 Nh4 37. Ne1 Ng6 38. Nf3 Ndf4 39. Bxf4 Nxf4 40. Re1
Qd6 41. h4 Kf8 42. Kf1 Qc7 43. b3 Qc2 44. Kg1 Qc3 45. Re3 Qxe3 46. fxe3 f5 47.
Qxg5 Nh3+ 48. Kg2 Nxg5 49. hxg5 Kg7 50. Kg3 Ra8 0-1

[Event "28PCR_F"]
[Site "?"]
[Date "2013.10.22"]
[Round "?"]
[White "Pressl, Ladislav"]
[Black "Nevole, Milan"]
[Result "0-1"]
[WhiteElo "2155"]
[BlackElo "2388"]
[PlyCount "20"]
[EventDate "2013.??.??"]
[EventType "corr"]
[EventRounds "2"]
[SourceDate "2010.08.23"]

1. d4 Nf6 2. c4 e6 3. Nf3 b6 4. Bg5 Bb7 5. e3 h6 6. Bxf6 Qxf6 7. Nbd2 c5 8. Ne5
cxd4 9. exd4 Nc6 10. Ne4 Bb4+ 0-1